| 000 | 00334nam a22001337a 4500 | ||
|---|---|---|---|
| 999 |
_c519956 _d519956 |
||
| 020 | _a9788131607169 | ||
| 082 | _aPKP A7 H95 | ||
| 100 |
_aHusain, Majid _931327 |
||
| 245 |
_aEvolution of geographical thought _cby Majid Husain |
||
| 250 | _a6th edn. | ||
| 260 |
_aJaipur _bRawat _c2021 |
||
| 300 | _a443p. | ||
| 650 |
_aGeography _931328 |
||